| 000 | 01780nam a2200385 a 4500 | ||
|---|---|---|---|
| 005 | 20240305165350.0 | ||
| 007 | cr|||| |||| | ||
| 008 | 050705s2005 sp |||||| o000 ||spa|c | ||
| 017 | _aDL M. 19720-2005 | ||
| 020 | _a8473512332 | ||
| 035 | _a5467 | ||
| 040 | _dvLex | ||
| 043 |
_ae-sp--- _be-sp--- |
||
| 080 | _a35(460):34 | ||
| 090 |
_c2786 _d2786 |
||
| 245 | 0 | 3 |
_aLa Agencia estatal de evaluación de la calidad de los servicios y de las políticas públicas _h[Recurso electrónico] : _breflexiones y propuesta de creación : informe comisión expertos / _cCoordinador: Juan Antonio Garde Roca |
| 250 | _a1ª ed. | ||
| 256 | _aServicio en línea | ||
| 260 |
_aMadrid : _bInstituto Nacional de Administración Pública, _c2005 |
||
| 300 | _aServicio en línea | ||
| 504 | _aReferencias bibliográficas | ||
| 506 | 1 |
_aContenido solo disponible en los productos indicados _dvLex Global _dvLex Global (Academic Edition, excluding Law Schools) _dvLex Global (U.S. Academic Edition, Law Schools) _dvLex Global (U.S. Academic Edition, excluding Law Schools) _dvLex Global (Academic Edition, Law Schools) |
|
| 650 | 0 | 4 |
_aAdministración pública _zEspaña |
| 650 | 0 | 4 |
_aPolíticas públicas _zEspaña |
| 650 | 0 | 4 |
_aServicios públicos _zEspaña |
| 650 | 0 | 4 |
_aServicios públicos _xControl de calidad |
| 650 | 0 | 4 |
_aAdministración pública _xControl de calidad _zEspaña |
| 700 | 1 | _aGarde Roca, Juan Antonio | |
| 710 | 2 | _aInstituto Nacional de Administración Pública (España) | |
| 710 | 2 |
_aEspaña. _bMinisterio para las Administraciones Públicas |
|
| 740 | 0 | _avLex Libros (Servicio en línea) | |
| 830 | 0 | _aEstudios goberna | |
| 856 | 4 | 0 | _uhttps://app.vlex.com/#/sources/agencia-estatal-evaluacion-servicios-politicas-publicas-5467 |
| 942 | _cRAA | ||
| 999 |
_c161206 _d161206 |
||